00525nam a22001457a 4500003000400000005001700004008004100021040001400062100003100076245009500107260000900202300002800211500010900239504003100348OSt20171010095452.0120628t xxu||||| |||| 00| 0 eng d aMMSUcULS aFariñas, Flory Anne J.  aPerceptions of students and teachers on error corrective feedbackcFlory Anne J. Fariñas c2008 axii, 67 leaves c28 cm. aThesis (AB English Studies) -- Mariano Marcos State University-College of Arts and Sciences, Batac, City aBibliography: leaves 51-52